| 000 | 01042nam a2200277 i 4500 | ||
|---|---|---|---|
| 001 | 174125 | ||
| 003 | ES-MaACL | ||
| 005 | 20230906215438.0 | ||
| 008 | 100223s2009 sp |||| | spa d | ||
| 020 | _a978-84-294-3604-4 | ||
| 080 | _a94(=411.16:4)"1939/45":930 | ||
| 080 | _a316.644:94(569.4) | ||
| 080 | _a316.72(=411.16:569.4) | ||
| 100 | 1 |
_aZertal, Idith. _9145762 |
|
| 245 | 1 | 3 |
_aLa nación y la muerte _b: la shoá en el discurso y la política de Israel / _cIdith Zertal ; prólogo de Shlomo Ben-Ami ; traducción de Marta Pino Moreno. |
| 260 |
_aMadrid : _bGredos, _c[2009] |
||
| 300 |
_a350 p. ; _c24 cm. |
||
| 490 | 1 |
_aBiblioteca de la nueva cultura. _aPensamiento |
|
| 650 | 7 |
_aHolocausto judío (1939-1945)- _vHistoriografía. _9145763 |
|
| 650 | 7 |
_aMemoria colectiva- _zIsrael. _9145764 |
|
| 650 | 7 |
_aJudíos- _zIsrael- _xIdentidad cultural. _9145765 |
|
| 700 | 1 |
_aBen-Ami, Shlomo. _927404 |
|
| 830 | 0 |
_aBiblioteca de la nueva cultura. _aPensamiento _9223643 |
|
| 852 |
_aES-MaACL _jE-13200 |
||
| 999 |
_c174125 _d174125 |
||